Welcome to the Holygrace Academy Library

Please use search bar below to get started

NIGHT MARE ROOM (Record no. 2163)

MARC details
000 -LEADER
fixed length control field 00353nam a22001457a 4500
082 ## - DEWEY DECIMAL CLASSIFICATION NUMBER
Classification number 823
Item number STI/G
100 ## - MAIN ENTRY--AUTHOR NAME
Personal name STINE, R.L
245 ## - TITLE STATEMENT
Title NIGHT MARE ROOM
Remainder of title SHORT STORY
246 ## - VARYING FORM OF TITLE
Title proper/short title NIGHT MARE ROOM
Remainder of title SHORT STORY
260 ## - PUBLICATION, DISTRIBUTION, ETC. (IMPRINT)
Place of publication DELHI
Name of publisher HARPER COLLINS PUBLISHERS
Year of publication 2007
300 ## - PHYSICAL DESCRIPTION
Number of Pages 134
520 ## - SUMMARY, ETC.
Summary, etc HORRIBLE STORY
650 ## - SUBJECT ADDED ENTRY--TOPICAL TERM
Topical Term HORRIBLE STORY
942 ## - ADDED ENTRY ELEMENTS (KOHA)
Koha item type Books
Holdings
Withdrawn status Lost status Collection code Home library Current library Shelving location Date acquired Source of acquisition Cost, normal purchase price Full call number Accession Number Koha item type
    Fiction Main Library Main Library SHELF 4-C HORRIBLE HISTORIES 15/06/2005 Purchase 95.00 823 STI/G 04807 Books